Can you name the Taylor Swift reputation song from the lyrics - Statistics

General Stats
  • This quiz has been taken 310 times
  • The average score is 13 of 15
Answer Stats
Hint Answer % Correct
Lord, save me, my drug is my baby / I'll be usin' for the rest of my life don't blame me
98%
While he was runnin' after us, I was screamin’, "Go, go, go!" / But with three of us, honey, it's a sideshow getaway car
97%
"I'm sorry, the old Taylor can't come to the phone right now / "Why? Oh, 'cause she's dead!" (Oh) look what you made me do
97%
'Cause forgiveness is a nice thing to do / Haha, I can't even say it with a straight face this is why we can't have nice things
95%
And I got a boyfriend, he's older than us / He's in the club doin' I don't know what gorgeous
92%
Baby, let the games begin / Let the games begin ...ready for it?
92%
Say my name and everything just stops / I don't want you like a best friend dress
91%
They're burning all the witches even if you aren't one / They got their pitchforks and proof, their receipts and reasons i did something bad
91%
Reputation precedes me, they told you I'm crazy / I swear I don't love the drama, it loves me end game
90%
There's glitter on the floor after the party / Girls carrying their shoes down in the lobby new year's day
90%
Third floor on the West Side, me and you / Handsome, you're a mansion with a view delicate
89%
'Cause all the boys and their expensive cars / With their Range Rovers and their Jaguars king of my heart
85%
Yeah, you know I did one thing right / Starry eyes sparkin' up my darkest night call it what you want
83%
I, I loved you in secret / First sight, yeah, we love without reason dancing with our hands tied
78%
But I got your heart / Skippin', skip-skippin' when I'm gone so it goes...
76%
No matching quizzes found
Score Distribution
Percent of People with Each Score
Percentile by Number Answered
Your Score History
You have not taken this quiz